LEADER 01325nam a2200265 i 4500 001 000000166299 003 CaOOAMICUS 005 20071108000000.0 008 071108s1942 it u000 u ita u 013 $a143667 040 $aSeMil$bita 100 1 $aRiposati, Benedetto <1903-1986>.$0(OLS)http://semarc/name/40019 245 12$aL'elegia a Messalino di Albio Tibullo (2., 5) /$cBenedetto Riposati. 260 $aMilano :$bVita e Pensiero,$c1942. 300 $aVII, 99 p. ;$c26 cm. 490 0 $aPubblicazioni della Universitą Cattolica del Sacro Cuore. Ser. 4., Scienze filologiche ;$vVol.40. 490 0 $aPubblicazioni della Universitą Cattolica del Sacro Cuore 650 4$aTibullo, Albio - Opere.$0(OLS)http://semarc/subject/26660 830 0$aPubblicazioni della Universitą Cattolica del Sacro Cuore. Ser. 4., Scienze filologiche ;$vVol.40.$0(OLS)http://semarc/title/9538 830 0$aPubblicazioni della Universitą Cattolica del Sacro Cuore.$0(OLS)http://semarc/title/22052 850 $aSeMil 852 $aSeMil$W1$xVenegono$y1$m1F VI 48$j117469$B117469$CSeMilBibl$Z2$F128441 $81 961 $aRecupero: Altro 996 $6245$aL'elegia a Messalino di Albio Tibullo (2., 5)$9(OLS)http://semarc/title/237567 996 $6260$aMilano :$bVita e Pensiero$9(OLS)http://semarc/publisher/29642 LEADER 01128nam a2200265 i 4500 001 000000245865 003 CaOOAMICUS 005 20151019000000.0 008 151019s2003 it u000 u ita u 013 $a224770 040 $aSeMil$bita 100 1 $aBellosi, Luciano <1936-2011>.$0(OLS)http://semarc/name/89806 245 10$aDuccio :$bla Maestą /$cLuciano Bellosi. 260 $aMilano :$bIl Sole 24 ORE,$c2003. 260 $aCinisello Balsamo :$bSilvana Editoriale,$c2003. 300 $a63 p. :$bill. ;$c18 cm. 490 0 $aPiccola biblioteca del Sole 24 Ore ;$v17 650 4$aDuccio : di Buoninsegna. Maestą.$0(OLS)http://semarc/subject/33849 830 0$aPiccola biblioteca del Sole 24 Ore ;$v17.$0(OLS)http://semarc/title/44263 850 $aSeMil 852 $aSeMil$W1$xVenegono$y1$m5R I 179$j196211$B196211$CSeMilBibl$Z2$F207553 $81 961 $aOmaggio: Altro 996 $6245$aDuccio :$bla Maestą$9(OLS)http://semarc/title/347534 996 $6260$aCinisello Balsamo :$bSilvana Editoriale$9(OLS)http://semarc/publisher/34608 996 $6260$aMilano :$bIl Sole 24 ORE$9(OLS)http://semarc/publisher/32564